15 najbardziej dotkniętych krajów Covid-19 - 4 sierpnia 2021 - Statystyki

Ogólne statystyki
  • Ten quiz został rozwiązany 36 razy
  • Średni wynik to 12 z 27
Statystyki odpowiedzi
kraj % Poprawnych
Polska
86%
Niemcy
83%
Stany Zjednoczone
79%
Francja
76%
Hiszpania
72%
Rosja
72%
Indie
69%
Wielka Brytania
69%
Włochy
69%
Brazylia
66%
Argentyna
48%
Portugalia
45%
Szwecja
45%
Turcja
38%
Czechy
34%
Holandia
34%
Indonezja
31%
Belgia
28%
Kolumbia
28%
Litwa
21%
Słowenia
21%
Estonia
14%
Iran
14%
Panama
7%
Urugwaj
7%
Bahrajn
3%
Gruzja
3%
Nie znaleziono quizów pasujących do podanych kryteriów
Rozkład punktacji
Procent ludzi z każdym wynikiem
Percentyl według liczby udzielonych odpowiedzi
Twoja historia wyników
Nie rozwiązałeś tego quizu